000 00586nam a2200157 a 4500
008 130418s2012 ||||||||||||||||| || u
020 _a9780550105615
050 _aPE 1628 Cha
100 _aO' Neill, Mary
245 1 4 _aThe chambers mini dictionary
_cby Mary O' Neill and Howard Sargeant
260 _aLondon:
_bChambers Harrap Publishers Ltd
_c2012
300 _axii, 714p.
650 0 _aENGLISH LANGUAGE--DICTIONARIES
700 _aSargeant, Howard
995 _FCBU-MAIN LIBRARY (Kitwe)
_M1
_UREFERENCE
_WJun 24, 2013
_ZReference Collection
999 _c37054
_d37054